Państwa z największą powierzchnią terenów trawiastych - Statystyki

Ogólne statystyki
  • Ten quiz został rozwiązany 2 465 razy
  • Średni wynik to 16 z 20
Statystyki odpowiedzi
km2 Kontynent Państwo % Poprawnych
2,01 mln Ameryka Stany Zjednoczone
99%
2,88 mln Azja Chiny
98%
1,60 mln Ameryka Kanada
98%
1,61 mln Europa Rosja
98%
1,41 mln Oceania Australia
96%
0,695 mln Ameryka Brazylia
96%
0,252 mln Azja Indie
92%
0,181 mln Ameryka Meksyk
92%
0,243 mln Afryka Republika Południowej Afryki
91%
0,881 mln Azja Kazachstan
90%
0,343 mln Azja Mongolia
90%
0,169 mln Ameryka Kolumbia
80%
0,165 mln Ameryka Peru
79%
0,181 mln Ameryka Wenezuela
74%
0,191 mln Azja Pakistan
69%
0,171 mln Afryka Angola
58%
0,242 mln Afryka Sudan
55%
0,396 mln Afryka Namibia
52%
0,247 mln Azja Afganistan
50%
0,218 mln Afryka Madagaskar
50%
Nie znaleziono quizów pasujących do podanych kryteriów
Rozkład punktacji
Procent ludzi z każdym wynikiem
Percentyl według liczby udzielonych odpowiedzi
Twoja historia wyników
Nie rozwiązałeś tego quizu